书目信息 |
| 题名: |
微处理机的设计与应用
|
|
| 作者: | 维隆尼斯 著 ;莫安民 译 | |
| 分册: | ||
| 出版信息: | 北京 测绘出版社 1983 |
|
| 页数: | 183页 | |
| 开本: | 25cm | |
| 丛书名: | ||
| 单 册: | ||
| 中图分类: | TN47 | |
| 科图分类: | ||
| 主题词: | 微处理机--设计--应用 , 大规模集成电路 , 超大规模集成电路 | |
| 电子资源: | ||
| ISBN: | ||
| 000 | 00852nam0 2200277 45 | |
| 001 | 0183005218 | |
| 005 | 20060518162017.00 | |
| 010 | @dCNY1.25 | |
| 091 | @a15039.265 | |
| 100 | @a19950725d1983 em y0chiy0121 ea | |
| 101 | 1 | @achi@ceng |
| 102 | @aCN@b110000 | |
| 105 | @ay z 000yy | |
| 200 | 10 | @a微处理机的设计与应用@Awei chu li ji de she ji yu ying yong@f(美)安德鲁姆·维隆尼斯著@F(mei)an de lu mu·wei long ni si zhu@g莫安民等译 |
| 210 | @a北京@c测绘出版社@d1983 | |
| 215 | @a183页@d25cm | |
| 510 | 1 | @aMicroprocessors: design and applications@zeng |
| 606 | @a微处理机@x设计@x应用 | |
| 606 | 0 | @a大规模集成电路 |
| 606 | 0 | @a超大规模集成电路 |
| 690 | @aTN47@v4 | |
| 701 | 0 | @a维隆尼斯@Awei long ni si@4著 |
| 702 | 0 | @a莫安民@Amo an min@4译 |
| 801 | 0 | @aCN@b上海图书馆@c20060518 |
| 801 | 2 | @aCN@bNLC@c20060404 |
| 905 | @dTN47@e34 | |
| 微处理机的设计与应用/(美)安德鲁姆·维隆尼斯著/莫安民等译.-北京:测绘出版社,1983 |
| 183页;25cm |
| ISBN :CNY1.25 |
| ● |
| 相关链接 |
|
|
|
|
正题名:微处理机的设计与应用
索取号:TN47/34
 
预约/预借
| 序号 | 登录号 | 条形码 | 馆藏地/架位号 | 状态 | 备注 |
| 1 | 0124107 | 202343598 | 密集书库/ [索取号:TN47/34] | 在馆 | |
| 2 | 0124108 | 202232413 | 密集书库/ [索取号:TN47/34] | 在馆 | |
| 3 | 0124109 | 001353029 | 密集书库/ [索取号:TN47/34] | 在馆 | |
| 4 | 0124110 | 001353065 | 第三借阅区/ [索取号:TN47/34] | 在馆 | |
| 5 | 0124111 | 001352672 | 密集书库/ [索取号:TN47/34] | 在馆 | |
| 6 | 0124112 | 202232422 | 密集书库/ [索取号:TN47/34] | 在馆 | |
| 7 | 0124113 | 001353109 | 第二样本阅览室/ [索取号:TN47/34] | 在馆 |